Vodcovstvo založené na správaní vodcu bakalárska práca

Salvato in:
Dettagli Bibliografici
Autore principale: Pobijaková, Mária
Ente Autore: Fakulta podnikového manažmentu EU. Katedra manažmentu
Altri autori: Paprskárová, Paulína
Natura: Libro
Lingua:slovacco
Pubblicazione: Bratislava 2020
Tags: Aggiungi Tag
Nessun Tag, puoi essere il primo ad aggiungerne!!

MARC

LEADER 00000nbm a2200000 4500
001 0266158
005 20201127095931.3
041 0 |a slo 
044 |a SK 
245 1 0 |a Vodcovstvo založené na správaní vodcu  |b bakalárska práca  |c Mária Pobijaková ; školiteľ: Paulína Paprskárová 
264 1 |a Bratislava  |c 2020 
300 |a 44 s. 
100 1 |a Pobijaková, Mária 
700 1 |a Paprskárová, Paulína 
710 2 |a Fakulta podnikového manažmentu EU. Katedra manažmentu